Pád Paříže /

Hlavní autor: Èrenburg, Il‘ja Grigor‘jevič, 1891-1967
Další autoři: Novotná, Raisa, 1919-
Jazyk: Čeština
Vydáno: Praha : Svět sovětů, 1955
Vydání: 9. vyd.
Externí odkaz: Digitalizovaný dokument
Fyzický popis: 566 s.
Knihy
Uloženo v:
LEADER 01161nam a2200301 a 4500
001 000682957
003 CZ BrMZK
005 20141009093149.0
007 ta
008 030820s1955 xr f cze d
015 |a cnb000718796 
035 |a (OCoLC)85443826 
040 |a BOA001  |b cze  |c BOA001 
041 1 |a cze  |h rus 
100 1 |a Èrenburg, Il‘ja Grigor‘jevič,  |d 1891-1967  |7 jn19990210194  |4 aut 
245 1 0 |a Pád Paříže /  |c Ilja Erenburg ; z ruského originálu přeložila Raisa Novotná 
250 |a 9. vyd. 
260 |a Praha :  |b Svět sovětů,  |c 1955 
300 |a 566 s. 
500 |a Přeloženo z ruštiny 
500 |a Doslov napsal A.J. Liehm 
700 1 |a Novotná, Raisa,  |d 1919-  |7 jk01090626  |4 trl 
765 0 |t Padenije Pariža  |9 Česky 
856 4 1 |u http://www.digitalniknihovna.cz/mzk/uuid/uuid:345b16d0-52c4-11e4-8b11-005056827e51  |y Digitalizovaný dokument  |x NDK 
910 |a BOA001  |b PK-0010.867  |b 2-0285.852-55 
990 |a BK 
996 6 |b 2619029664  |c 2-0285.852-55  |l MZK  |r Sklad / do 24 hodin  |n 0  |w 000682957  |u 000020  |a 1  |e BOA001  |j MZK50  |s P 
996 6 |b BC-104063  |c PK-0010.867  |l MZK  |r Sklad / do 1 hodiny  |n 0  |w 000682957  |u 000010  |a 1  |e BOA001  |j MZK50  |s P